[Event "NAYCC U16"]
[Site "Kingston CAN"]
[Date "2025.08.19"]
[Round "3.6"]
[White "Xu, Leon"]
[Black "McCallum, Elliot"]
[Result "1-0"]
[WhiteElo "2045"]
[BlackElo "1882"]
[WhiteFideId "-1"]
[WhiteFideId "-1"]
[PlyCount "67"]
[GameId "2216322097303000"]
[EventDate "2025.08.18"]
[EventType "swiss"]
[EventRounds "9"]
[EventCountry "CAN"]

1. e4 c5 2. Nf3 Nc6 3. d4 cxd4 4. Nxd4 Nf6 5. Nc3 e5 6. Ndb5 d6 7. Bg5 a6 8. Na3 b5 9. Nd5 Be7 10. Bxf6 Bxf6 11. c3 O-O 12. Nc2 Rb8 13. a4 bxa4 14. Ncb4 Nxb4 15. cxb4 a5 16. b5 Bb7 17. Rxa4 Bxd5 18. Qxd5 Qc7 19. Bc4 Be7 20. O-O Kh8 21. Rfa1 Rbc8 22. b3 f5 23. Rxa5 fxe4 24. Ra7 Qb6 25. Rxe7 Qxf2+ 26. Kh1 e3 27. Rf7 Qb2 28. Rxf8+ Rxf8 29. Qa8 Qf2 30. b6 e2 31. Bxe2 Qe1+ 32. Rxe1 Rxa8 33. b7 Rb8 34. Rc1 1-0

[Event "NAYCC U16"]
[Site "Kingston CAN"]
[Date "2025.08.19"]
[Round "3.7"]
[White "Manivannan, Prajit"]
[Black "Paragua, Dominic Nathan"]
[Result "1-0"]
[WhiteElo "1809"]
[BlackElo "2041"]
[WhiteFideId "-1"]
[WhiteFideId "-1"]
[PlyCount "77"]
[GameId "2216322097303001"]
[EventDate "2025.08.18"]
[EventType "swiss"]
[EventRounds "9"]
[EventCountry "CAN"]

1. e4 c5 2. Nf3 Nf6 3. Nc3 d5 4. e5 Nfd7 5. d4 e6 6. Ne2 cxd4 7. Nexd4 Nc6 8. Nxc6 bxc6 9. Bd3 Qc7 10. Qe2 Bb7 11. Bf4 c5 12. c3 c4 13. Bc2 Nc5 14. O-O Be7 15. h4 h6 16. h5 Bc6 17. b3 cxb3 18. axb3 Rb8 19. Nd4 Nd7 20. Qg4 Bc5 21. Nxc6 Qxc6 22. b4 Bb6 23. Qxg7 Ke7 24. Ba4 Qxc3 25. Bxd7 Rbg8 26. Qf6+ Kxd7 27. Qxf7+ Kd8 28. Rfc1 Qh3 29. Qf6+ Ke8 30. Rc8+ Kd7 31. Rxg8 Rxg8 32. Qf7+ Kc6 33. Rc1+ Kb5 34. Qxg8 Qxh5 35. Qg3 Qe2 36. Qf3 Qa2 37. Bxh6 Qb2 38. Qd3+ Ka4 39. Qc2+ 1-0

[Event "NAYCC U16"]
[Site "Kingston CAN"]
[Date "2025.08.19"]
[Round "3.8"]
[White "Dhaliwal, Jaipreet Singh"]
[Black "Mummidi, Aaryan"]
[Result "1-0"]
[WhiteElo "2036"]
[BlackElo "1884"]
[WhiteFideId "-1"]
[WhiteFideId "-1"]
[PlyCount "89"]
[GameId "2216322097307098"]
[EventDate "2025.08.18"]
[EventType "swiss"]
[EventRounds "9"]
[EventCountry "CAN"]

1. e4 c5 2. Nf3 d6 3. d4 cxd4 4. Nxd4 Nf6 5. Nc3 a6 6. Be3 e5 7. Nf3 Be6 8. Ng5 Be7 9. Nxe6 fxe6 10. Bc4 Qd7 11. Qf3 Nc6 12. Qh3 Kf7 13. O-O b5 14. Bb3 Na5 15. f4 Nxb3 16. axb3 Rhc8 17. fxe5 dxe5 18. Nd5 Bd8 19. Nxf6 Bxf6 20. Qxh7 Qe7 21. Bg5 Rh8 22. Rxf6+ Qxf6 23. Qxh8 Rxh8 24. Bxf6 gxf6 25. Rxa6 Rh4 26. Rb6 Rxe4 27. Rxb5 Re2 28. Rc5 e4 29. Kf1 Rd2 30. b4 e3 31. b5 Rf2+ 32. Ke1 Rxg2 33. b6 Rg8 34. b7 Rb8 35. Rc7+ Kg6 36. c4 Kf5 37. c5 Ke4 38. c6 Rg8 39. Rg7 Rxg7 40. b8=Q Rg1+ 41. Ke2 Rg2+ 42. Kf1 Rf2+ 43. Ke1 Rg2 44. c7 Kf3 45. Qb7+ 1-0

[Event "NAYCC U16"]
[Site "Kingston CAN"]
[Date "2025.08.19"]
[Round "3.9"]
[White "Tseng, Bradley"]
[Black "Kurup, Siddharth"]
[Result "1/2-1/2"]
[WhiteElo "1786"]
[BlackElo "2022"]
[WhiteFideId "-1"]
[WhiteFideId "-1"]
[PlyCount "113"]
[GameId "2216322097307099"]
[EventDate "2025.08.18"]
[EventType "swiss"]
[EventRounds "9"]
[EventCountry "CAN"]

1. e4 c5 2. Nf3 e6 3. Nc3 a6 4. d4 cxd4 5. Nxd4 b5 6. Bd3 Bb7 7. O-O Nc6 8. Nxc6 Bxc6 9. e5 d6 10. Be4 Bxe4 11. Nxe4 dxe5 12. Qf3 Qb8 13. Ng5 Nf6 14. Qc6+ Nd7 15. Nxf7 Kxf7 16. Qxd7+ Be7 17. Be3 Qd6 18. Qxd6 Bxd6 19. Rfd1 Be7 20. Rd7 Rhd8 21. Rad1 Rxd7 22. Rxd7 Rd8 23. Rxd8 Bxd8 24. Kf1 Kf6 25. Ke2 Kf5 26. Kd3 e4+ 27. Kc3 Ba5+ 28. Kb3 Ke5 29. c4 Kd6 30. cxb5 axb5 31. a4 Kc6 32. Ka3 Bc7 33. h3 Be5 34. a5 Bd6+ 35. b4 Kb7 36. Bd4 g6 37. Kb3 Ka6 38. Kc3 Kb7 39. Bc5 Be5+ 40. Kd2 Bf4+ 41. Ke2 Bg5 42. g3 Bh6 43. Bd4 Bg5 44. Bc3 Bh6 45. Bd2 Bf8 46. g4 Be7 47. Bc3 Bg5 48. Bd2 Be7 49. Bc3 Bg5 50. f3 Be7 51. fxe4 e5 52. g5 Bd6 53. h4 Ka6 54. Kd3 Kb7 55. Be1 Ka6 56. Kc3 Kb7 57. Bf2 1/2-1/2

[Event "NAYCC U16"]
[Site "Kingston CAN"]
[Date "2025.08.19"]
[Round "3.11"]
[White "Lu, Tony"]
[Black "Wang, Andy"]
[Result "1-0"]
[WhiteElo "1974"]
[BlackElo "1792"]
[WhiteFideId "-1"]
[WhiteFideId "-1"]
[PlyCount "47"]
[GameId "2216322097171902"]
[EventDate "2025.08.18"]
[EventType "swiss"]
[EventRounds "9"]
[EventCountry "CAN"]

1. e4 e5 2. Nf3 Nc6 3. d4 exd4 4. Nxd4 Bc5 5. Nb3 Bb6 6. Nc3 d6 7. Qe2 Nge7 8. Be3 O-O 9. O-O-O f5 10. f4 fxe4 11. Bxb6 axb6 12. Qxe4 Bf5 13. Qf3 Nb4 14. a3 Nbc6 15. Bc4+ Kh8 16. Rhe1 Ng6 17. Nd5 Na5 18. Nxa5 bxa5 19. g4 Bd7 20. Bd3 Ne5 21. Qh3 Nxd3+ 22. Rxd3 c6 23. Ne7 Re8 24. Qxh7+ 1-0

[Event "NAYCC U16"]
[Site "Kingston CAN"]
[Date "2025.08.19"]
[Round "3.12"]
[White "Yancey, Alice"]
[Black "Liu, Ethan"]
[Result "0-1"]
[WhiteElo "1710"]
[BlackElo "2136"]
[WhiteFideId "-1"]
[WhiteFideId "-1"]
[PlyCount "78"]
[GameId "2216322097180095"]
[EventDate "2025.08.18"]
[EventType "swiss"]
[EventRounds "9"]
[EventCountry "CAN"]

1. e4 c5 2. Nf3 e6 3. d4 cxd4 4. Nxd4 Nc6 5. Nc3 a6 6. Be2 Qc7 7. O-O Nf6 8. Be3 Bb4 9. f3 O-O 10. a3 Be7 11. f4 d6 12. Qe1 Bd7 13. Qg3 b5 14. Bf3 Rac8 15. Rfd1 Na5 16. Be2 Rfd8 17. h3 Nc4 18. Bxc4 Qxc4 19. Qf3 Bf8 20. g4 e5 21. Nb3 exf4 22. Qxf4 Bc6 23. Nd2 Qe6 24. Bd4 Nd7 25. Nf3 h6 26. Kg2 Re8 27. Re1 Ne5 28. g5 Ng6 29. Qg3 h5 30. Nd2 a5 31. Kg1 b4 32. axb4 axb4 33. Nd1 d5 34. e5 Bb5 35. Qf2 Rxc2 36. Qf3 Bc5 37. Bxc5 Rxc5 38. Qxh5 d4 39. Nb3 Qxb3 0-1

[Event "NAYCC U16"]
[Site "Kingston CAN"]
[Date "2025.08.19"]
[Round "3.13"]
[White "Willy, Stephen"]
[Black "Stelmach, Noah"]
[Result "1-0"]
[WhiteElo "2242"]
[BlackElo "1729"]
[WhiteFideId "-1"]
[WhiteFideId "-1"]
[PlyCount "77"]
[GameId "2216322097188288"]
[EventDate "2025.08.18"]
[EventType "swiss"]
[EventRounds "9"]
[EventCountry "CAN"]

1. d4 Nf6 2. Nf3 d5 3. c4 e6 4. Bg5 c6 5. e3 Nbd7 6. Bd3 Be7 7. O-O O-O 8. Nc3 h6 9. Bh4 dxc4 10. Bxc4 b5 11. Bb3 a6 12. Ne5 Bb7 13. Rc1 c5 14. Bc2 Rc8 15. Nxd7 Nxd7 16. Qd3 g6 17. Bg3 Nf6 18. Be5 Qd7 19. Rfd1 Rfd8 20. Qe2 Qc6 21. f3 Nd7 22. d5 exd5 23. Nxd5 Bf8 24. Bc3 b4 25. Be1 Nf6 26. e4 Nxd5 27. exd5 Qb6 28. Bb3 Bg7 29. Bf2 Rd7 30. Rxc5 Rxc5 31. Qe8+ Bf8 32. Qxd7 Qc7 33. Qxc7 Rxc7 34. Ba4 Bd6 35. Bg3 Bxg3 36. hxg3 Kf8 37. d6 Rc8 38. d7 Rd8 39. Re1 1-0

[Event "NAYCC U16"]
[Site "Kingston CAN"]
[Date "2025.08.19"]
[Round "3.14"]
[White "Kilari, Dattasai"]
[Black "Fillmore, Louis"]
[Result "1/2-1/2"]
[WhiteElo "1949"]
[BlackElo "1708"]
[WhiteFideId "-1"]
[WhiteFideId "-1"]
[PlyCount "100"]
[GameId "2216322097192385"]
[EventDate "2025.08.18"]
[EventType "swiss"]
[EventRounds "9"]
[EventCountry "CAN"]

1. d4 Nf6 2. Nf3 d5 3. c3 c5 4. dxc5 e6 5. Be3 Ne4 6. b4 Nd7 7. g3 a5 8. Qb3 Be7 9. Nbd2 Ndf6 10. Bg2 O-O 11. Nxe4 Nxe4 12. O-O Bf6 13. Bd4 axb4 14. Bxf6 Qxf6 15. cxb4 Bd7 16. Qe3 Nc3 17. Ne5 d4 18. Nxd7 Qe7 19. Qf3 Qxd7 20. Qxb7 Nxe2+ 21. Kh1 Qa4 22. a3 d3 23. Rfd1 Qc2 24. Be4 Rxa3 25. c6 Qa4 26. Rab1 Nc3 27. c7 Nxb1 28. Rxd3 Rxd3 29. Bxd3 Qd7 30. Bb5 Qd5+ 31. Qxd5 exd5 32. Bd7 d4 33. Kg2 d3 34. Kf1 Nc3 35. Ke1 Nd5 36. c8=Q Rxc8 37. Bxc8 Nxb4 38. Kd2 Kf8 39. Bf5 g6 40. Bxd3 Nxd3 41. Kxd3 Ke7 42. Ke4 Ke6 43. f3 f5+ 44. Kd4 Kd6 45. h3 g5 46. f4 gxf4 47. gxf4 h6 48. Kc4 Kc6 49. h4 h5 50. Kd4 Kd6 1/2-1/2

[Event "NAYCC U16"]
[Site "Kingston CAN"]
[Date "2025.08.19"]
[Round "3.15"]
[White "Dukkardt, Vladimir"]
[Black "Muthukumaran, Gurru"]
[Result "1-0"]
[WhiteElo "1774"]
[BlackElo "1939"]
[WhiteFideId "-1"]
[WhiteFideId "-1"]
[PlyCount "69"]
[GameId "2216322097196482"]
[EventDate "2025.08.18"]
[EventType "swiss"]
[EventRounds "9"]
[EventCountry "CAN"]

1. e4 c5 2. Nf3 Nc6 3. Bb5 Nf6 4. Nc3 g6 5. e5 Ng4 6. Bxc6 dxc6 7. O-O Bg7 8. Re1 O-O 9. h3 Nh6 10. d3 Nf5 11. Ne4 b6 12. c3 Be6 13. Bf4 Bh6 14. Qd2 Bxf4 15. Qxf4 Kg7 16. g4 Nh6 17. Re3 Bd5 18. c4 Bxe4 19. Qxe4 Qc7 20. d4 Rad8 21. d5 cxd5 22. cxd5 f5 23. exf6+ exf6 24. Rae1 Qd6 25. Qa4 Rf7 26. g5 Nf5 27. gxf6+ Qxf6 28. Re6 Qxb2 29. Ng5 Rfd7 30. R6e2 Qf6 31. Ne6+ Kh6 32. Nxd8 Rxd5 33. Qf4+ Kg7 34. Ne6+ Kg8 35. Qb8+ 1-0

[Event "NAYCC U16"]
[Site "Kingston CAN"]
[Date "2025.08.19"]
[Round "3.16"]
[White "Cholakis, Max"]
[Black "Wu, Nolan"]
[Result "0-1"]
[WhiteElo "1756"]
[BlackElo "1926"]
[WhiteFideId "-1"]
[WhiteFideId "-1"]
[PlyCount "110"]
[GameId "2216322097200579"]
[EventDate "2025.08.18"]
[EventType "swiss"]
[EventRounds "9"]
[EventCountry "CAN"]

1. e4 c5 2. c3 d5 3. exd5 Nf6 4. Nf3 Nxd5 5. Bb5+ Bd7 6. Bc4 Bc6 7. d4 e6 8. O-O Nd7 9. Re1 Be7 10. Nbd2 Qc7 11. Bf1 cxd4 12. Nxd4 O-O 13. N2f3 Rae8 14. Bd3 Bf6 15. Be3 Nxe3 16. Rxe3 e5 17. Nxc6 Qxc6 18. Qc2 g6 19. Rae1 Bg7 20. Be4 Qc7 21. Bd5 Bh6 22. Re4 Kg7 23. Bb3 f5 24. R4e2 Re7 25. Qd1 a6 26. Nxe5 Rxe5 27. Qd4 Rfe8 28. f4 Bxf4 29. Qxf4 Qc5+ 30. Kf1 Rxe2 31. Rxe2 Ne5 32. Qd4 Qe7 33. Bd5 Kh6 34. Qf4+ g5 35. Qe3 b5 36. Qd4 Qf6 37. Re3 Kg6 38. h3 h5 39. Kg1 Re7 40. Re2 g4 41. Rf2 Rd7 42. h4 Nf3+ 43. gxf3 Qxd4 44. cxd4 Rxd5 45. fxg4 hxg4 46. Re2 Rxd4 47. Re6+ Kh5 48. Kg2 Kxh4 49. Rxa6 Rd2+ 50. Kf1 Rxb2 51. a4 bxa4 52. Rxa4 Kh3 53. Rf4 g3 54. Rf2 Rxf2+ 55. Kg1 Rf4 0-1

[Event "NAYCC U16"]
[Site "Kingston CAN"]
[Date "2025.08.19"]
[Round "3.17"]
[White "Zhang, Daniel"]
[Black "Song, Jiacai"]
[Result "1-0"]
[WhiteElo "1922"]
[BlackElo "1702"]
[WhiteFideId "-1"]
[WhiteFideId "-1"]
[PlyCount "45"]
[GameId "2216322097204676"]
[EventDate "2025.08.18"]
[EventType "swiss"]
[EventRounds "9"]
[EventCountry "CAN"]

1. c4 Nf6 2. Nc3 e6 3. e4 d5 4. e5 Nfd7 5. d4 dxc4 6. Bxc4 c5 7. d5 Nxe5 8. Bb5+ Bd7 9. dxe6 fxe6 10. Nf3 Nxf3+ 11. Qxf3 Bxb5 12. Nxb5 Qa5+ 13. Nc3 Qc7 14. O-O Qf7 15. Qe4 Nc6 16. Be3 Qf5 17. Rad1 Qxe4 18. Nxe4 b6 19. Ng5 Ke7 20. Rfe1 h6 21. Bxc5+ Kf6 22. Rxe6+ Kxg5 23. Rd5+ 1-0

[Event "NAYCC U16"]
[Site "Kingston CAN"]
[Date "2025.08.19"]
[Round "3.18"]
[White "Chen, Larry"]
[Black "Iordanescu, Victor Nicolae"]
[Result "0-1"]
[WhiteElo "1742"]
[BlackElo "1901"]
[WhiteFideId "-1"]
[WhiteFideId "-1"]
[PlyCount "65"]
[GameId "2216322097216965"]
[EventDate "2025.08.18"]
[EventType "swiss"]
[EventRounds "9"]
[EventCountry "CAN"]

1. d4 Nf6 2. c4 e6 3. Nf3 h6 4. a3 d5 5. Nc3 Be7 6. Bf4 a6 7. c5 Nbd7 8. e3 Nh5 9. Bd3 Nxf4 10. exf4 O-O 11. h4 f5 12. c6 bxc6 13. Qa4 Nb6 14. Qa5 Bd6 15. Ne5 Bxe5 16. dxe5 g5 17. b4 gxf4 18. Qc5 Kh7 19. Ne2 Nd7 20. Qd4 Qe7 21. Qxf4 Qg7 22. Kd2 Nxe5 23. Qd4 Nxd3 24. Qxg7+ Kxg7 25. Kxd3 e5 26. f4 a5 27. fxe5 Ba6+ 28. Kd2 Bxe2 29. Kxe2 Rfe8 30. Kf3 Rxe5 31. Rhc1 Re6 32. b5 Kf6 33. bxc6 {...} 0-1

[Event "NAYCC U16"]
[Site "Kingston CAN"]
[Date "2025.08.19"]
[Round "3.19"]
[White "Kunapuli, Siddarth"]
[Black "Guliyev, Nadir"]
[Result "0-1"]
[WhiteElo "1889"]
[BlackElo "1693"]
[WhiteFideId "-1"]
[WhiteFideId "-1"]
[PlyCount "100"]
[GameId "2216322097225158"]
[EventDate "2025.08.18"]
[EventType "swiss"]
[EventRounds "9"]
[EventCountry "CAN"]

1. e4 c5 2. c3 e6 3. d4 d5 4. e5 Nc6 5. Nf3 Qb6 6. a3 a5 7. Bd3 Bd7 8. Nbd2 cxd4 9. cxd4 Nxd4 10. Nxd4 Qxd4 11. Nf3 Qb6 12. Be3 Bc5 13. Bxc5 Qxc5 14. Rc1 Qb6 15. Qe2 Ne7 16. O-O h6 17. Rfd1 O-O 18. Bb1 Rac8 19. Qd3 g6 20. h4 Qxb2 21. Qe3 Kh7 22. Qf4 f5 23. exf6 Rxf6 24. Qe3 Rxc1 25. Rxc1 Nf5 26. Qe1 Bc6 27. Rd1 Qxa3 28. Qe5 Qf8 29. g4 Ne3 30. fxe3 Rxf3 31. h5 Be8 32. Rc1 Bc6 33. Bxg6+ Kg8 34. Qxe6+ Kg7 35. Qe5+ Kg8 36. Bf5 Rxf5 37. gxf5 Qg7+ 38. Qxg7+ Kxg7 39. Kh2 Kf6 40. Rf1 a4 41. Kg3 a3 42. Kf4 b5 43. Rc1 Bd7 44. Rc7 b4 45. Ra7 Bxf5 46. Ra4 b3 47. Rxa3 b2 48. Ra6+ Kf7 49. Kxf5 b1=Q+ 50. Kf4 Qe4+ 0-1

[Event "NAYCC U16"]
[Site "Kingston CAN"]
[Date "2025.08.19"]
[Round "3.21"]
[White "Harit, Neil"]
[Black "Li, Edward"]
[Result "1/2-1/2"]
[WhiteElo "1620"]
[BlackElo "1844"]
[WhiteFideId "-1"]
[WhiteFideId "-1"]
[PlyCount "82"]
[GameId "2216322097241545"]
[EventDate "2025.08.18"]
[EventType "swiss"]
[EventRounds "9"]
[EventCountry "CAN"]

1. e4 e5 2. Nf3 Nc6 3. Bb5 a6 4. Ba4 d6 5. O-O Bd7 6. c3 g6 7. d4 Bg7 8. d5 Nce7 9. c4 h6 10. Nc3 f5 11. Nd2 Nf6 12. b4 O-O 13. Bxd7 Qxd7 14. Qb3 Kh8 15. Ba3 fxe4 16. Ndxe4 Nf5 17. Nxf6 Rxf6 18. Ne4 Rf7 19. c5 Nd4 20. Qd3 dxc5 21. d6 cxd6 22. bxc5 dxc5 23. Bxc5 Nf3+ 24. Qxf3 Rxf3 25. gxf3 Qh3 26. Rab1 Qxf3 27. Rfe1 Rd8 28. Rb3 Rd3 29. Rbb1 Qg4+ 30. Kh1 h5 31. Rxb7 Rd1 32. Rb8+ Bf8 33. Rxf8+ Kg7 34. Rxd1 Qxd1+ 35. Kg2 Qg4+ 36. Ng3 h4 37. h3 Qg5 38. Be3 Qe7 39. Nf5+ gxf5 40. Rxf5 Qe6 41. Rg5+ Kf6 1/2-1/2

[Event "NAYCC U16"]
[Site "Kingston CAN"]
[Date "2025.08.20"]
[Round "4.1"]
[White "Wu, Jonathan"]
[Black "Colville, Julian"]
[Result "1-0"]
[WhiteElo "2130"]
[BlackElo "2287"]
[WhiteFideId "-1"]
[WhiteFideId "-1"]
[PlyCount "97"]
[GameId "2216670418595726"]
[EventDate "2025.08.18"]
[EventType "swiss"]
[EventRounds "9"]
[EventCountry "CAN"]

1. e4 c5 2. Nf3 e6 3. d4 cxd4 4. Nxd4 Nc6 5. Nc3 Bc5 6. Be3 Qb6 7. Na4 Qa5+ 8. c3 Bxd4 9. Bxd4 Nxd4 10. Qxd4 e5 11. Qb4 Qxb4 12. cxb4 Nf6 13. Nc3 d6 14. Rd1 Ke7 15. Bc4 Be6 16. Bxe6 fxe6 17. f3 Rhd8 18. Kf2 Rac8 19. Rd2 Rc4 20. a3 d5 21. exd5 exd5 22. Re1 Ke6 23. Nb5 Rf8 24. Kg1 Kd7 25. Nxa7 Re8 26. Nb5 Re6 27. Nc3 d4 28. Na4 b6 29. b3 Rcc6 30. f4 e4 31. Rxd4+ Red6 32. Red1 Rxd4 33. Rxd4+ Ke6 34. Rc4 Rd6 35. Nc3 Kf5 36. g3 Rd2 37. a4 e3 38. h3 h5 39. a5 h4 40. g4+ Nxg4 41. hxg4+ Kxg4 42. axb6 Rc2 43. Nd5 Re2 44. Rc1 Kg3 45. Nxe3 Rxe3 46. b7 Re8 47. Rc3+ Kxf4 48. Rc6 Re1+ 49. Kf2 1-0

[Event "NAYCC U16"]
[Site "Kingston CAN"]
[Date "2025.08.20"]
[Round "4.2"]
[White "Tang, Dylan"]
[Black "Lu, Tony"]
[Result "0-1"]
[WhiteElo "2246"]
[BlackElo "1974"]
[WhiteFideId "-1"]
[WhiteFideId "-1"]
[PlyCount "96"]
[GameId "2216670418702233"]
[EventDate "2025.08.18"]
[EventType "swiss"]
[EventRounds "9"]
[EventCountry "CAN"]

1. e4 e6 2. d4 d5 3. Nc3 Be7 4. Bf4 Nf6 5. Nb5 Na6 6. e5 Nd7 7. Qg4 g5 8. Bd2 Nb4 9. Na3 h5 10. Qg3 c5 11. Bxb4 cxb4 12. Nb1 Nb6 13. Nd2 Bd7 14. Bd3 Na4 15. Rb1 Qc7 16. Ne2 O-O-O 17. O-O Rdg8 18. c4 bxc3 19. bxc3 f5 20. Bb5 Bxb5 21. Rxb5 a6 22. Rbb1 b5 23. Nb3 Kd7 24. f4 g4 25. Nbc1 h4 26. Qe3 h3 27. g3 Rc8 28. Rb3 Ke8 29. Nd3 Kf7 30. Nb2 Nxb2 31. Rxb2 Qc4 32. Rd1 Rc7 33. Qd3 Qa4 34. Qc2 Qa5 35. Qd3 Rhc8 36. Rdb1 Rc4 37. Qd2 Qc7 38. Kf2 Qc6 39. Rb3 Bd8 40. Rc1 Ba5 41. a3 Bd8 42. Rcb1 Be7 43. Qb2 Qc7 44. Ra1 Ra4 45. Nc1 Qc4 46. Rb1 a5 47. Rxb5 Rxa3 48. Ne2 Ra2 0-1

[Event "NAYCC U16"]
[Site "Kingston CAN"]
[Date "2025.08.20"]
[Round "4.3"]
[White "Venkatesh, Narayan"]
[Black "Wang, Nathan"]
[Result "0-1"]
[WhiteElo "2218"]
[BlackElo "1994"]
[WhiteFideId "-1"]
[WhiteFideId "-1"]
[PlyCount "98"]
[GameId "2216670418702244"]
[EventDate "2025.08.18"]
[EventType "swiss"]
[EventRounds "9"]
[EventCountry "CAN"]

1. c4 e5 2. Nc3 Bb4 3. Nd5 a5 4. Nf3 d6 5. a3 Bc5 6. e3 c6 7. Nc3 Nd7 8. d4 Ba7 9. Qc2 Ngf6 10. Be2 O-O 11. O-O Re8 12. b3 e4 13. Nd2 d5 14. cxd5 cxd5 15. a4 Nf8 16. Ba3 Be6 17. Bb5 Bd7 18. Bd6 Rc8 19. Be2 Re6 20. Be5 Ng6 21. Bg3 h5 22. h3 Rec6 23. Ndb1 Bf5 24. Qd2 Bb8 25. Bb5 Re6 26. Ne2 Bd6 27. Nbc3 h4 28. Bxd6 Rxd6 29. Rac1 Ne7 30. Na2 g5 31. Rxc8 Bxc8 32. Rc1 g4 33. hxg4 Bxg4 34. Nf4 Nh5 35. Nxh5 Bxh5 36. Be2 Bg6 37. Bg4 Nc6 38. Nc3 Qg5 39. Qd1 Bf5 40. Bxf5 Qxf5 41. Ne2 h3 42. Nf4 hxg2 43. Kxg2 Rh6 44. Qg1 Kh7 45. Kf1 Nxd4 46. Rc5 Nf3 47. Qg2 Rh2 48. Rxd5 Rxg2 49. Kxg2 Qg4+ 0-1

[Event "NAYCC U16"]
[Site "Kingston CAN"]
[Date "2025.08.20"]
[Round "4.4"]
[White "Darvekar, Yash"]
[Black "Yang, Larry"]
[Result "1-0"]
[WhiteElo "1934"]
[BlackElo "2108"]
[WhiteFideId "-1"]
[WhiteFideId "-1"]
[PlyCount "157"]
[GameId "2216670418702248"]
[EventDate "2025.08.18"]
[EventType "swiss"]
[EventRounds "9"]
[EventCountry "CAN"]

1. e4 c5 2. Nf3 Nc6 3. d4 cxd4 4. Nxd4 g6 5. Nc3 Bg7 6. Be3 Nf6 7. Bc4 Qa5 8. O-O O-O 9. Bb3 d6 10. Nd5 Nxd5 11. exd5 Ne5 12. h3 Qa6 13. Qe2 Qxe2 14. Nxe2 Bd7 15. f4 Bb5 16. fxe5 Bxe2 17. Rfe1 Ba6 18. Bf4 Rfd8 19. c3 Rac8 20. g4 h6 21. h4 dxe5 22. Bxe5 Rd7 23. Bxg7 Kxg7 24. Re4 f5 25. gxf5 gxf5 26. Rd4 Kf6 27. Kf2 Rd6 28. Re1 Rg8 29. Bd1 b6 30. Bf3 Rc8 31. Kg3 Rc4 32. Red1 Rxd4 33. Rxd4 Ke5 34. Ra4 b5 35. Ra5 Rg6+ 36. Kf2 Kf4 37. Bh5 Rd6 38. Bf3 Rb6 39. a4 bxa4 40. Rxa4+ Ke5 41. b4 Rd6 42. Ra5 Rb6 43. d6+ Kxd6 44. Rxf5 Bc4 45. Rc5 Bf7 46. Ra5 Rb8 47. Rxa7 Rc8 48. Ra6+ Ke5 49. Rc6 Rf8 50. Rxh6 e6 51. Ke3 Rg8 52. Rh7 Kf6 53. Bh5 Bxh5 54. Rxh5 Rg3+ 55. Kd4 Rg4+ 56. Kc5 e5 57. Rh8 Rg7 58. Rf8+ Ke7 59. Rf1 Ke6 60. b5 Rc7+ 61. Kb4 e4 62. b6 Rc6 63. Kb5 Rxc3 64. Rb1 Kd7 65. Kb4 Rc2 66. Kb5 e3 67. Ka6 Kc6 68. Ka7 e2 69. b7 Ra2+ 70. Kb8 Rd2 71. Kc8 Rd1 72. b8=Q e1=Q 73. Qb5+ Kd6 74. Qd7+ Kc5 75. Rxd1 Qxh4 76. Qc7+ Kb5 77. Rb1+ Ka6 78. Qc6+ Ka5 79. Qb5# 1-0

[Event "NAYCC U16"]
[Site "Kingston CAN"]
[Date "2025.08.20"]
[Round "4.5"]
[White "Manivannan, Prajit"]
[Black "Xu, Leon"]
[Result "1-0"]
[WhiteElo "1809"]
[BlackElo "2045"]
[WhiteFideId "-1"]
[WhiteFideId "-1"]
[PlyCount "195"]
[GameId "2216670418751401"]
[EventDate "2025.08.18"]
[EventType "swiss"]
[EventRounds "9"]
[EventCountry "CAN"]

1. e4 e6 2. d4 d5 3. Nd2 Be7 4. c3 Nf6 5. e5 Nfd7 6. f4 c5 7. Ndf3 Nc6 8. Bd3 Qb6 9. Ne2 f6 10. a3 a5 11. Qc2 Nf8 12. Qd1 a4 13. Bc2 Qb5 14. Rb1 Bd7 15. Be3 Na5 16. O-O Nc4 17. Bc1 Qa6 18. Re1 b5 19. Kh1 Ng6 20. exf6 gxf6 21. f5 exf5 22. Nf4 Nxf4 23. Bxf4 Kd8 24. dxc5 Qc6 25. Nd4 Qxc5 26. Nxf5 Bxf5 27. Bxf5 Bd6 28. Bh6 Kc7 29. Qh5 Rhg8 30. Be6 Rge8 31. Bxd5 Rxe1+ 32. Rxe1 Rd8 33. Bc1 Rd7 34. Bf3 Be5 35. Qf5 Qf2 36. Qe4 Nd6 37. Qe3 Qh4 38. Qg1 Bxh2 39. Qa7+ Kd8 40. Qb6+ Rc7 41. Rd1 Be5+ 42. Kg1 Kc8 43. Be3 Kd7 44. Qxb5+ Ke7 45. Qe2 Nf5 46. Qf2 Ng3 47. Qd2 Nf5 48. Qd8+ Kf7 49. Rd7+ Rxd7 50. Qxd7+ Kg6 51. Qe8+ Kg7 52. Qd7+ Kg6 53. Bf2 Bg3 54. Bxg3 Qxg3 55. Qe8+ Kg7 56. Qe4 Nh6 57. c4 Qd6 58. Qb7+ Kg6 59. Be4+ Kg5 60. Qd5+ Qxd5 61. Bxd5 Kf4 62. Bc6 Ke3 63. Bxa4 Kd4 64. Bb5 Nf7 65. Kf2 Ne5 66. b4 f5 67. c5 Kd5 68. Ke3 Ng6 69. a4 Ne7 70. Kf4 Ke6 71. Bc4+ Kd7 72. Ke3 Kc6 73. Kd4 f4 74. b5+ Kc7 75. b6+ Kb8 76. Bb5 h5 77. Ke5 f3 78. gxf3 h4 79. Kf4 Ng6+ 80. Kg4 Ne5+ 81. Kxh4 Nxf3+ 82. Kg4 Nd4 83. Bc4 Kb7 84. Bd5+ Ka6 85. b7 Ka7 86. c6 Kb8 87. Kf4 Nc2 88. Ke5 Nb4 89. Bf3 Kc7 90. Kd4 Na6 91. Kc4 Kb6 92. a5+ Kc7 93. Kb5 Nb8 94. a6 Nxc6 95. Bxc6 Kb8 96. Kc5 Ka7 97. Kd6 Kb8 98. a7+ 1-0

[Event "NAYCC U16"]
[Site "Kingston CAN"]
[Date "2025.08.20"]
[Round "4.6"]
[White "Velasquez, Noah"]
[Black "Dhaliwal, Jaipreet Singh"]
[Result "1/2-1/2"]
[WhiteElo "1774"]
[BlackElo "2036"]
[WhiteFideId "-1"]
[WhiteFideId "-1"]
[PlyCount "206"]
[GameId "2216670418759594"]
[EventDate "2025.08.18"]
[EventType "swiss"]
[EventRounds "9"]
[EventCountry "CAN"]

1. e4 c5 2. Nc3 d6 3. Nf3 Nf6 4. d4 cxd4 5. Nxd4 a6 6. Be3 e5 7. Nb3 Be6 8. f3 Nbd7 9. Qd2 b5 10. g4 b4 11. Ne2 a5 12. g5 Ng8 13. f4 h6 14. f5 Bxb3 15. axb3 hxg5 16. Ng3 Ngf6 17. Bxg5 Be7 18. Bc4 Qb6 19. Qe2 Kf8 20. Rd1 Qc7 21. Nf1 Nb6 22. Bxf6 Bxf6 23. Ne3 Bh4+ 24. Kf1 Bg5 25. Nd5 Nxd5 26. Rxd5 a4 27. bxa4 Rxa4 28. Kg2 Bf4 29. h3 Qd8 30. Rhd1 Rh6 31. Rb5 Ra7 32. Bb3 Kg8 33. Rf1 Rh4 34. Qf3 Bh6 35. Qg3 Bf4 36. Qf3 Qg5+ 37. Kf2 Bg3+ 38. Qxg3 Rf4+ 39. Kg2 Qxg3+ 40. Kxg3 Rxf1 41. Rxb4 Kf8 42. Kg2 Rd1 43. Rc4 Ke7 44. Rc8 Rb1 45. Rg8 Rxb2 46. Rxg7 Kf8 47. Rg3 Ke7 48. h4 Rb1 49. Rg7 Kf8 50. f6 Re1 51. h5 Raa1 52. Rxf7+ Kg8 53. Ra7+ Kh8 54. Rxa1 Rxa1 55. Kg3 Rf1 56. f7 Rf4 57. Be6 Kg7 58. c4 Rf6 59. Bd5 Kh6 60. Kg4 Rf4+ 61. Kg3 Kxh5 62. Kg2 Kg6 63. Kg3 Kg7 64. Kg2 Kf8 65. Kg3 Ke7 66. Kh3 Kd7 67. Kg3 Kd8 68. Kh3 Kd7 69. Kg3 Ke7 70. Kh3 Kf8 71. Kg3 Kg7 72. Kh3 Rxf7 73. Bxf7 Kxf7 74. Kg4 Ke6 75. Kf3 Kf6 76. Kg4 Ke6 77. Kf3 Kf7 78. Kg4 Kf6 79. Kf3 Kg7 80. Kg3 Kf6 81. Kf3 Kf7 82. Kg3 Ke7 83. Kf3 Kd7 84. Ke3 Kc7 85. Kd3 Kb6 86. Kc2 Kc6 87. Kb3 Kb7 88. Ka4 Ka6 89. Kb4 Kb6 90. Kb3 Ka5 91. Ka3 Ka6 92. Ka4 Kb6 93. Kb4 Kc6 94. Kb3 Kc5 95. Kc3 Kb6 96. Kb4 Kc6 97. Kb3 Kb7 98. Kb4 Kb6 99. Kb3 Ka5 100. Ka3 Kb6 101. Kb4 Kc6 102. Kb3 Kd7 103. Kb4 Kc6 1/2-1/2

[Event "NAYCC U16"]
[Site "Kingston CAN"]
[Date "2025.08.20"]
[Round "4.7"]
[White "Russell, Wesley"]
[Black "Willy, Stephen"]
[Result "0-1"]
[WhiteElo "1784"]
[BlackElo "2242"]
[WhiteFideId "-1"]
[WhiteFideId "-1"]
[PlyCount "74"]
[GameId "2216670418763691"]
[EventDate "2025.08.18"]
[EventType "swiss"]
[EventRounds "9"]
[EventCountry "CAN"]

1. e4 e6 2. d4 d5 3. e5 c5 4. c3 Nc6 5. Nf3 Bd7 6. Bd3 cxd4 7. O-O dxc3 8. Nxc3 Bc5 9. a3 a6 10. b4 Bb6 11. Re1 Nge7 12. h4 h6 13. h5 Rc8 14. Bb2 O-O 15. Bb1 Nf5 16. Bxf5 exf5 17. Nxd5 Ba7 18. Nf4 Be6 19. Nxe6 fxe6 20. Qb3 Qe7 21. Red1 Qf7 22. Rd6 Rfe8 23. Rad1 Re7 24. b5 axb5 25. Qxb5 Rcc7 26. Nd4 Qxh5 27. Nxc6 Rxc6 28. Rd8+ Kh7 29. R8d2 Rec7 30. Bd4 Rc1 31. Qd3 R7c2 32. f3 Bxd4+ 33. Qxd4 Rxd1+ 34. Rxd1 Qg5 35. g4 Qh4 36. Kf1 Qh1+ 37. Qg1 Qxf3+ 0-1